Kult świętych w śląskich klasztorach kanoników regularnych w średniowieczu
| Titel: | Kult świętych w śląskich klasztorach kanoników regularnych w średniowieczu |
|---|---|
| Verfasser: | |
| In: |
Ecclesia et civitas, (2002), Seite 439-452 alle Artikel anzeigen |
| Veröffentlicht: | 2002 |
| Format: | Aufsatz |
| Sprache: | Polnisch |
X
alg: 39380493 001A $01999:12-11-16 001B $01999:28-05-21 $t19:20:19.000 001D $01999:12-11-16 001U $0utf8 001X $00 002@ $0Aox 003@ $0393804933 007A $0393804933 $aHEB 007T $0Herdk22564 010@ $apol 011@ $a2002 021A $aKult świętych w śląskich klasztorach kanoników regularnych w średniowieczu 027A $aDer Heiligenkult in den schlesischen Klöstern der Regularkanoniker im Mittelalter 028A $#Lenartowicz, Anna Pobóg- $#Lenartowicz, Anna P.- $7 $8Pobóg-Lenartowicz, Anna [Tnd] $9198746946 031A $h439-452 $j2002 039B $aIn $8--Aau--. Ecclesia et civitas. - Warszawa : Inst. Historii Polskiej Akad. Nauk, 2002. - 534 S.. - Ill.. - ISBN 83-86301-98-8 $x200200000000000561 $9115177019 045F $a200.943850902 $eDDC23BSB 045F/01 $a200.9 045F/03 $f0902 045F/03 $g4385 046C $aDer Heiligenkult in den schlesischen Klöstern der Regularkanoniker im Mittelalter $bÜbers. des Hauptsacht. lok: 39380493 78 exp: 39380493 78 1 #EPN 201B/01 $018-11-16 $t09:49:01.000 201U/01 $0utf8 203@/01 $078991543X 208@/01 $a12-11-16 $be 209A/01 $a/ $f000 $x00 220C/01 $aTitelaufnehmer: pbb 220C/01 $aHerkunft: IH UWrIH PAN/PBB Kraków 244Z/01 $2Trx $#Silesia $#Śląsk $#Sliezsko $#Slezsko $8--Trx--Schlesien $x01 $9391173987 244Z/01 $aGeschichte 1000-1500 $x02 244Z/01 $2Trx $#ordud augustiinlased-koorihärrad $#ordinas augustinų kanauninkų $#order Augustinian Canons $#szerzetesrendek Augusztinusok - férfikórus $#zakony, augustianie, kanonicy regularni $#rád, augustiniáni, rehoľní kanonici $#řád, augustiniáni, řeholní kanovníci $#Augustiner-Chorherren $#zakony, kanonicy regularni $#augustiniáni, rehoľní kanonici $8--Trx--Orden$gAugustiner-Chorherren $x03 $9391379852 244Z/01 $2Trx $#pühakute austamine $#šventųjų kultas $#adoration of saints $#szentté avatás $#kult świętych $#kult svätých $#kult svatých $8--Trx--Heiligenverehrung $x04 $9391383256 244Z/01 $2Trx $#kloostrid $#vienuolynai $#monasteries $#kolostorok $#klasztory $#kláštory $#kláštery $8--Trx--Klöster $x05 $9391383108 244Z/01 $2Trx $8--Trx--Einzelbeiträge $x06 $9391384570 245Z/01 $a10.02.01 $x01 247C/01 $82080>Marburg/Lahn, Herder-Institut, Forschungsbibliothek, Bibliographieportal $9336309341
| LEADER | 00000caa a22000002c 4500 | ||
|---|---|---|---|
| 001 | 393804933 | ||
| 003 | DE-603 | ||
| 005 | 20210528192019.0 | ||
| 007 | tu | ||
| 008 | 161112s2002 xx |||| | u00||u|pol c | ||
| 035 | |a (DE-599)HEB393804933 | ||
| 040 | |a DE-603 |b ger |c DE-603 |d DE-603 | ||
| 041 | |a pol | ||
| 082 | 0 | 4 | |8 1\u |a 200.943850902 |q DE-101 |2 23/BSB |
| 085 | |8 1\u |b 200.9 | ||
| 085 | |8 1\u |z 1 |s 0902 | ||
| 085 | |8 1\u |z 2 |s 4385 | ||
| 100 | 1 | |a Pobóg-Lenartowicz, Anna |0 (DE-603)198746946 | |
| 245 | 0 | 0 | |a Kult świętych w śląskich klasztorach kanoników regularnych w średniowieczu |
| 246 | 1 | |i Übers. des Hauptsacht. |a Der Heiligenkult in den schlesischen Klöstern der Regularkanoniker im Mittelalter | |
| 246 | 1 | 3 | |a Der Heiligenkult in den schlesischen Klöstern der Regularkanoniker im Mittelalter |
| 264 | 0 | |c 2002 | |
| 773 | 0 | 8 | |i In |t Ecclesia et civitas |d Warszawa : Inst. Historii Polskiej Akad. Nauk, 2002 |h 534 S., Ill. |z 8386301988 |g (2002), Seite 439-452 |w (DE-603)115177019 |
| 924 | 0 | |9 2080 |a (DE-603)78991543X |b DE-2080 |c HES |d d |g / | |


